| 000 | 00491nam a22001817a 4500 | ||
|---|---|---|---|
| 001 | BT-PhCST | ||
| 003 | BT-PhCST | ||
| 005 | 20190204170943.0 | ||
| 008 | 150216b xxu||||| |||| 00| 0 eng d | ||
| 020 | _a0340192771 | ||
| 040 |
_aBT-PhCST _cBT-PhCST _dBT-PhCST |
||
| 082 |
_222 _a629.8 |
||
| 100 | _aBryan, G. T. | ||
| 245 | _aControl systems for technicians / | ||
| 260 |
_aBritain, _bThe English Language Book Society, _cc1970. |
||
| 300 |
_a320p. ; _bill. ; _c21.5 cm. |
||
| 942 |
_2ddc _cEE |
||
| 999 |
_c5233 _d5233 |
||